000 00650nam a2200217Ia 4500
001 6985
003 GE_BSU
008 181216s||||||||xx |||||||||||||| ||und||
040 _cGE_BSU
080 _a661(075.32)
100 _aАльперт,Л.З.
245 _aОсновы проектирования химических установок.
245 _bУчебник.
245 _cРед.В.А.Титова.
260 _aМ.
260 _bВысш.школа.
260 _c1970.
300 _a328стр. с илл. 22см.
653 _aОсновы проектирования химических установок.
942 _cBK
999 _c40377
_d40377